| Tag |
First Indicator |
Second Indicator |
Subfields |
| LEADER |
00000nam a2200000 i 4500 |
| 001 |
in00004584530 |
| 003 |
OCoLC |
| 005 |
20220327154441.1 |
| 006 |
m o d |
| 007 |
cr cnu---unuuu |
| 008 |
191130t20202020ne ob 001 0 eng d |
| 024 |
8 |
|
|a 99991083170
|
| 040 |
|
|
|a EBLCP
|b eng
|e rda
|e pn
|c EBLCP
|d YDX
|d UKMGB
|d OCLCO
|d YDXIT
|d OPELS
|d DKU
|d OCLCF
|d N$T
|d OCLCQ
|d TFW
|d WAU
|d S2H
|d ABC
|d OCLCO
|d NWQ
|d OCLCO
|d OCLCQ
|
| 019 |
|
|
|a 1129144462
|
| 020 |
|
|
|a 0128157224
|q (electronic book)
|
| 020 |
|
|
|a 9780128157220
|q (electronic bk.)
|
| 020 |
|
|
|z 0128157216
|
| 020 |
|
|
|z 9780128157213
|
| 035 |
|
|
|a (OCoLC)1129174207
|z (OCoLC)1129144462
|
| 037 |
|
|
|a 9780128157220
|b Ingram Content Group
|
| 050 |
|
4 |
|a SD421
|b .E98 2020
|
| 082 |
0 |
4 |
|a 363.37/9
|2 23
|
| 082 |
0 |
4 |
|a 634.9618
|2 23
|
| 245 |
0 |
0 |
|a Extreme wildfire events and disasters :
|b root causes and new management strategies /
|c edited by Fantina Tedim, Vittorio Leone, Tara K. McGee.
|
| 264 |
|
1 |
|a Amsterdam ;
|a Cambridge, MA :
|b Elsevier,
|c [2020]
|
| 264 |
|
4 |
|c ©2020
|
| 300 |
|
|
|a 1 online resource ( x, 271 pages) :
|
| 336 |
|
|
|a text
|b txt
|2 rdacontent
|
| 337 |
|
|
|a computer
|b c
|2 rdamedia
|
| 338 |
|
|
|a online resource
|b cr
|2 rdacarrier
|
| 504 |
|
|
|a Includes bibliographical references and index.
|
| 505 |
2 |
|
|a Front Cover; Extreme Wildfire Events and Disasters; Extreme Wildfire Events and Disasters: Root Causes and New Management Strategies; Copyright; Contents; Contributors; Acknowledgments; One -- Extreme Wildfire Events and Disasters: Concept and Global Trends; 1 -- Extreme wildfire events: The definition; 1.1 Extreme wildfires: A true challenge for societies; 1.1.1 An escalating worldwide problem; 1.1.2 The need of a standardized definition; 1.2 EWE definition and rationale; 1.2.1 EWE definition; 1.2.2 EWE definition rationale; 1.2.2.1 The physical properties of EWEs
|
| 505 |
8 |
|
|a 1.2.2.2 The duration of an EWE1.2.2.3 The constraints of wildfire size; 1.2.2.4 EWE consequences are place-dependent; 1.2.2.5 EWE and disaster; 1.3 A wildfire classification: Integrating fire intensity with potential consequences; 1.4 Conclusion; References; 2 -- Extreme wildfires and disasters around the world: lessons to be learned; 2.1 Introduction; 2.2 Extreme wildfire cases in Portugal; 2.2.1 The fires of Picões and Caramulo (2013); 2.2.1.1 Picões (July 8th to 12th); 2.2.1.2 Caramulo (August 20th to 30th); 2.2.2 The firestorms of 2017
|
| 505 |
8 |
|
|a 2.2.2.1 PedroÌ?gão Grande complex of fire events (June 17th to 22nd)2.2.2.2 October 15th fires, in central Portugal (October 15th to 22nd); 2.2.2.2.1 Extreme wildfire event of Seia; 2.2.2.2.2 Extreme wildfire event of Lousã; 2.2.2.2.3 Extreme wildfire event of Oliveira do Hospital; 2.2.2.2.4 Extreme wildfire event of Sertã; 2.2.2.2.5 Extreme wildfire event of Vouzela; 2.3 Extreme wildfire cases in the world; 2.3.1 Greece; 2.3.2 Italy; 2.3.2.1 Peschici Fire; 2.3.2.2 Laconi (Bidda Beccia) fire; 2.3.3 Australia; 2.3.4 USA-Gatlinburg wildfires risk/crisis communications lessons learned
|
| 505 |
8 |
|
|a 2.3.5 Canada-2016 Horse River (Fort McMurray) fire2.4 Conclusion; References; Two -- Extreme Wildfire Events and Disasters: The Root of the Problem; 3 -- The role of weather and climate conditions on extreme wildfires; 3.1 Introduction; 3.2 The influence of climate; 3.2.1 Fire and climate patterns; 3.2.2 Fire incidence seasonality; 3.2.3 Existence, life cycle, and type of vegetation cover; 3.3 The role of weather; 3.3.1 Physiological state of the vegetation; 3.3.2 Fire weather for ignition, spread, and extinction; 3.3.3 The influence of ridges, blockings, and other synoptic patterns
|
| 505 |
8 |
|
|a 3.3.4 Wildfire teleconnections3.4 The role of climatic and weather extreme events; 3.4.1 Drought period; 3.4.2 Effects of heatwaves; 3.5 Fire weather danger and risk rating; 3.5.1 Fire danger rating; 3.5.2 The Canadian Fire Weather Index; 3.5.3 Fire danger rating for operational and research purposes; 3.6 Climate change: The future of extreme wildfires; 3.6.1 Climate change projections; 3.6.2 Robust projections for the future; 3.7 Concluding remarks; References; 4 -- The relation of landscape characteristics, human settlements, spatial planning, and fuel management with extreme wildfires -- 5 -- Safety enhancement in extreme wildfire events -- 6 -- Firefighting approaches and extreme wildfires -- Part Three: Towards a New Approach to Cope with Extreme Wildfire Events and Disasters -- 7 -- The suppression model fragilities: The "firefighting trap" -- 8 -- Understanding wildfire mitigation and preparedness in the context of extreme wildfires and disasters: Social science contributions to understanding human response to wildfire -- 9 -- Resident and community recovery after wildfires -- Part Four: How to Cope with the Problem of Extreme Wildfires and Disasters -- 10 -- Wildfire policies contribution to foster extreme wildfires -- 11 -- Fire Smart Territory as an innovative approach to wildfire risk reduction -- 12 -- How to create a change in wildfire policies -- 13 -- What can we do differently about the extreme wildfire problem: An overview -- Index.
|
| 588 |
0 |
|
|a Online resource; title from PDF title page (EBSCOhost, viewed May 15, 2020).
|
| 650 |
|
0 |
|a Wildfires.
|
| 650 |
|
0 |
|a Wildfire risk.
|
| 650 |
|
0 |
|a Wildfires
|x Prevention and control.
|
| 650 |
|
7 |
|a Wildfire risk.
|2 fast
|0 (OCoLC)fst01742841
|
| 650 |
|
7 |
|a Wildfires.
|2 fast
|0 (OCoLC)fst01175216
|
| 650 |
|
7 |
|a Wildfires
|x Prevention and control.
|2 fast
|0 (OCoLC)fst01175223
|
| 655 |
|
7 |
|a Electronic books.
|2 local
|
| 700 |
1 |
|
|a Tedim, Fantina,
|e editor.
|
| 700 |
1 |
|
|a Leone, Vittorio,
|e editor.
|
| 700 |
1 |
|
|a McGee, Tara K.,
|d 1965-
|e editor.
|
| 710 |
2 |
|
|a ProQuest (Firm)
|
| 776 |
1 |
8 |
|i Print version:
|a Tedim, Fantina.
|t Extreme Wildfire Events and Disasters : Root Causes and New Management Strategies.
|d San Diego : Elsevier, ©2019
|z 9780128157213
|
| 856 |
4 |
0 |
|u https://ebookcentral.proquest.com/lib/tamucs/detail.action?docID=5986166
|z Connect to the full text of this electronic book
|t 0
|
| 945 |
|
|
|b 358811
|
| 955 |
|
|
|a YBP purchased DDA e-records
|
| 980 |
|
|
|b ebook
|c 99991083170
|f NONFIC/S
|g 565701
|k USD
|m 243.00
|q 1
|s AcqMono Conventional
|t Demand driven acquisitions (DDA)
|u Vendor order reference number
|v ZYBP
|y PDA
|z Electronic resource
|
| 999 |
f |
f |
|i 8fd42cc9-14d2-4c4c-b252-31d3e3d6abc2
|s 79dee2d6-f9c7-4ece-96de-1846d33d54a6
|t 0
|
| 952 |
f |
f |
|a Texas A&M University
|b College Station
|c Electronic Resources
|s www_evans
|d Available Online
|t 0
|e SD421 .E98 2020
|h Library of Congress classification
|